Novelas escogidas / (Record no. 28018)

MARC details
000 -LEADER
campo de control de longitud fija 00497nam a2200169 i 4500
001 - NÚMERO DE CONTROL
campo de control 28018
003 - IDENTIFICADOR DE NÚMERO DE CONTROL
campo de control ES-MaACL
005 - FECHA Y HORA DE LA ÚLTIMA TRANSACCIÓN
campo de control 20230906153739.0
007 - CAMPO FIJO DE DESCRIPCIÓN FÍSICA--INFORMACIÓN GENERAL
campo de control de longitud fija t|
008 - DATOS DE LONGITUD FIJA--INFORMACIÓN GENERAL
campo de control de longitud fija 030116s1884 sp ||||1| spa d
100 1# - ENTRADA PRINCIPAL--NOMBRE DE PERSONA
Nombre de persona Bandello, Matteo.
9 (RLIN) 25176
245 10 - MENCIÓN DEL TÍTULO
Título Novelas escogidas /
Mención de responsabilidad, etc. Matteo Bandello ; versión española por Feliu Codina.
260 ## - PUBLICACIÓN, DISTRIBUCIÓN, ETC.
Lugar de publicación, distribución, etc. Barcelona :
Nombre del editor, distribuidor, etc. Daniel Cortezo y Cª,
Fecha de publicación, distribución, etc. 1884.
300 ## - DESCRIPCIÓN FÍSICA
Extensión 312 p. ;
Dimensiones 21 cm.
700 0# - ENTRADA AGREGADA--NOMBRE PERSONAL
Nombre de persona Feliu y Codina, José.
9 (RLIN) 49204
852 ## - LOCALIZACIÓN
Ubicación ES-MaACL
Número de control de estantería B-969
Holdings
Estatus retirado Estado de pérdida Estado de daño No para préstamo Colección Biblioteca de origen Biblioteca actual Ubicación en estantería Fecha de adquisición Fuente de adquisición Total de préstamos Signatura topográfica completa Código de barras Visto por última vez Precio de reemplazo Tipo de ítem Koha
        Libros del s. XIX Biblioteca del Ateneo de Madrid Biblioteca del Ateneo de Madrid Sala Pardo Bazán 17/01/2008     B-969 1028928 23/02/2023 23/02/2023 Libro impreso antiguo